000 00391cam a22001097a 4500
008 180718b1976 xxu||||| |||| 00| 0 eng d
082 _aWx4 Eu74/30
245 _aValue of time: report
_cby European Conference of Ministers of Transport
260 _aParis
_bEuropean Conference of Ministers of Transport
_c1976
300 _a71p.
700 _aFrance. European Conference of Ministers of Transport
999 _c498499
_d498499